| 000 | 00428nam a22001817a 4500 | ||
|---|---|---|---|
| 003 | NUST - PNEC | ||
| 005 | 20170116180918.0 | ||
| 008 | 150904b xxu||||| |||| 00| 0 eng d | ||
| 020 | _a0713134593 | ||
| 040 | _cLIBRARY | ||
| 082 | _a621.380436 CON | ||
| 100 |
_97549 _aConnor, F. R. |
||
| 245 |
_aNoise _cF. R. Connor |
||
| 250 | _a2nd ed. | ||
| 260 | _cc.1982 | ||
| 650 |
_97554 _aTelecommunication _xEL |
||
| 942 |
_2ddc _cBK |
||
| 999 |
_c65515 _d65515 |
||